| 000 | 00470pab a2200169 454500 | ||
|---|---|---|---|
| 008 | 180718b2011 xxu||||| |||| 00| 0 eng d | ||
| 100 | _aBaluch, Mazhar-ul-Haq | ||
| 245 | _aAgricultural productivity in Pakistan: A dilemma of strategic reform | ||
| 260 | _c2011 | ||
| 300 | _ap.353-383. | ||
| 362 | _aOct | ||
| 650 | _aAgricultural production - India | ||
| 650 | _aAgricultural production | ||
| 773 | _aIndian Journal of Economics | ||
| 908 | _aN | ||
| 909 | _a97023 | ||
| 999 |
_c97023 _d97023 |
||